00288nam a2200109Ia 4500008004100000041000800041100001900049245003200068260003700100300000900137700003200146250110s9999 xx 000 0 und d aeng aGaikwad Manali aSustainable Vertical Living bFinal Year B.Arch ID, Punec2014 a108p aGuide Name:Chipalkatti Uday